Spokojený klient rychle a efektivně
Tradičné bankové inštitúcie a ich informačné systémy. Reakcia na zákazníka a potreby trhu. Zmena prístupu v orientácií na zákazníka. Flexibilný produktový katalóg a vernostné (loyalty) programy.
Gespeichert in:
| 1. Verfasser: | |
|---|---|
| Format: | Buchkapitel |
| Sprache: | Tschechisch |
| Schlagworte: | |
| Tags: |
Keine Tags, Fügen Sie das erste Tag hinzu!
|
MARC
| LEADER | 00000naa a2200000 4500 | ||
|---|---|---|---|
| 001 | 0153045 | ||
| 005 | 20231211082052.8 | ||
| 041 | 0 | |a cze | |
| 044 | |a CZ | ||
| 245 | 1 | 0 | |a Spokojený klient rychle a efektivně |c Tomáš Kadlec |
| 520 | |a Tradičné bankové inštitúcie a ich informačné systémy. Reakcia na zákazníka a potreby trhu. Zmena prístupu v orientácií na zákazníka. Flexibilný produktový katalóg a vernostné (loyalty) programy. | ||
| 610 | 2 | 0 | |a Česko |
| 610 | 2 | 0 | |a banky |
| 610 | 2 | 0 | |a bankovníctvo |
| 610 | 2 | 0 | |a služby bankové |
| 610 | 2 | 0 | |a služby finančné |
| 610 | 2 | 0 | |a programy vernostné |
| 610 | 2 | 0 | |a poradenstvo finančné |
| 610 | 2 | 0 | |a klienti |
| 610 | 2 | 0 | |a technológie informačné |
| 610 | 2 | 0 | |a technológie komunikačné |
| 100 | 1 | |a Kadlec, Tomáš | |